Cartoon Character Quiz #6 - Statistics

General Stats
  • This quiz has been taken 23 times
  • The average score is 2 of 9
Answer Stats
Picture Answer % Correct
Pink Panther
94%
Spider Man / Miles Morales
78%
Brook
11%
King Bob
11%
Barnaby Brooks Jr.
0%
Hulk, Doctor Strange and Ant Man
0%
Minion Pigs
0%
Spider Woman
0%
Thor's Hammer
0%
No matching quizzes found
Score Distribution
Percent of People with Each Score
Percentile by Number Answered
Your Score History
You have not taken this quiz